| 000 | 01759nam a2200505 i 4500 | ||
|---|---|---|---|
| 001 | 2264 | ||
| 003 | KOSZ 005 | ||
| 005 | 20190830100923.0 | ||
| 008 | 000320s1980 pl a f f |000 0 pol | ||
| 015 | _aPB 1980/8133 | ||
| 020 | _a8301026804 | ||
| 035 | _a991013506369705066 | ||
| 035 | _a(PL-WaBN)b1363852x-48omnis_nlop | ||
| 035 | _ab1363852x | ||
| 035 | _a(OCoLC)830239475 | ||
| 035 | _a(PL)b0000001363852 | ||
| 035 | _a(EXLNZ-48OMNIS_NETWORK)9910332330605606 | ||
| 040 |
_aWA N _cWA N _dKOSZX 005/HR |
||
| 041 | 0 | _apol | |
| 080 | _a628.1/.3:614.7:579](075.8) | ||
| 100 | 1 |
_aPawlaczyk-Szpilowa, Maria _d(1923-2005) _eAutor |
|
| 245 | 1 | 0 |
_aMikrobiologia wody i ścieków : _b[skrypt dla studentów wyższych szkół technicznych] / _cMaria Pawlaczyk-Szpilowa. |
| 250 | _aWyd. 2. | ||
| 260 |
_aWarszawa ; _aŁódź : _bPańst. Wydaw. Naukowe, _c1980. |
||
| 300 |
_a219, [1] s. : _bil., tab., wykr. ; _c24 cm. |
||
| 336 |
_2rdacontent _aTekst _btxt |
||
| 337 |
_2rdamedia _aBez urządzenia pośredniczącego _bn |
||
| 338 |
_2rdacarrier _aWolumin _bnc |
||
| 380 | _aKsiążki | ||
| 380 | _aPublikacje dydaktyczne | ||
| 385 |
_mPoziom nauczania _aSzkoły wyższe |
||
| 388 | _a1901-2000 | ||
| 504 | _aBibliogr. s. [220]. | ||
| 650 | 7 |
_aKontrola sanitarna _2DBN |
|
| 650 | 7 |
_aMikrobiologia przemysłowa _2DBN |
|
| 650 | 7 |
_aŚcieki _2DBN |
|
| 650 | 7 |
_aWoda _2DBN |
|
| 655 | 7 |
_aPodręczniki akademickie _2DBN |
|
| 658 | _aInżynieria i technika | ||
| 658 | _aOchrona środowiska | ||
| 710 | 2 | _aPaństwowe Wydawnictwo Naukowe | |
| 856 |
_uhttp://koha.tu.koszalin.pl/cgi-bin/koha/opac-detail.pl?biblionumber=2264 _yKatalog online BPK |
||
| 942 |
_2UKD _cKS |
||
| 999 |
_c2264 _d2264 |
||